UK Towns Quiz - Moray - Scotland - Statistics

General Stats
  • This quiz has been taken 34 times
  • The average score is 10 of 16
Answer Stats
Clue Town Population % Correct
E Elgin 24,640
100%
F Forres 9,296
96%
B Buckie 9,061
88%
F Fochabers 1,772
75%
K Keith 4,572
75%
L Lossiemouth 6,654
75%
D Dufftown 1,515
71%
R Rothes 1,061
67%
B Burghead 1,911
58%
A Aberlour 1,014
54%
C Cullen 1,239
54%
H Hopeman 1,628
46%
L Lhanbryde 1,825
42%
K Kinloss 1,460
29%
P Portknockie 1,055
29%
M Mosstodloch 1,122
17%
No matching quizzes found
Score Distribution
Percent of People with Each Score
Percentile by Number Answered
Your Score History
You have not taken this quiz